|
|
|
|
| LEADER |
00000nam0a2200000 4500 |
| 001 |
123330 |
| 005 |
20231101215812.0 |
| 035 |
|
|
|a (RuTPU)RU\TPU\book\133507
|
| 090 |
|
|
|a 123330
|
| 100 |
|
|
|a 20071015d1962 km y0rusy50 ca
|
| 101 |
0 |
|
|a rus
|
| 102 |
|
|
|a RU
|
| 105 |
|
|
|a a z 001zy
|
| 200 |
1 |
|
|a Прокатка и термическая обработка железнодорожных рельсов
|f П. И. Полухин, Ю. В. Грдина, Е. Я. Зарвин
|
| 210 |
|
|
|a Москва
|c Металлургиздат
|d 1962
|
| 215 |
|
|
|a 510 с.
|c ил.
|
| 320 |
|
|
|a Библиогр.: с. 426-430.
|
| 610 |
1 |
|
|a железнодорожные рельсы
|
| 610 |
1 |
|
|a прокатка
|
| 610 |
1 |
|
|a термическая обработка
|
| 610 |
1 |
|
|a плавка
|
| 610 |
1 |
|
|a калибровка
|
| 610 |
1 |
|
|a технологические процессы
|
| 675 |
|
|
|a 621.771.26
|v 3
|
| 675 |
|
|
|a 625.14
|v 3
|
| 700 |
|
1 |
|a Полухин
|b П. И.
|g Петр Иванович
|
| 701 |
|
1 |
|a Грдина
|b Ю. В.
|c специалист в области металловедения
|c профессор Томского технологического института, доктор технических наук
|c выпускник МФ ТТИ 1925 г.
|f 1901-1967
|g Юрий Вячеславович
|2 stltpush
|3 (RuTPU)RU\TPU\pers\37258
|9 20217
|
| 701 |
|
1 |
|a Зарвин
|b Е. Я.
|g Евгений Яковлевич
|
| 801 |
|
1 |
|a RU
|b 63413507
|c 20071015
|g PSBO
|
| 801 |
|
2 |
|a RU
|b 63413507
|c 20160920
|g PSBO
|
| 942 |
|
|
|c BK
|